Encontrando la verdadera paz con Dios (Registro nro. 62472)
[ vista simple ]
| 000 -LÍDER | |
|---|---|
| Campo fijo de descripción fija | 004720000a22001090004500 |
| 100 1# - ASIENTO PRINCIPAL--NOMBRE PERSONAL | |
| Nombre personal | Godfrey, W. Robert |
| 245 10 - TÍTULO | |
| Título del Material | Encontrando la verdadera paz con Dios |
| 300 ## - DESCRIPCIÓN FÍSICA | |
| Extensión | Vol.10, núm.1 (Marzo , 2008), Páginas 72-76 |
| 500 ## - NOTA GENERAL | |
| Nota General | Este artículo fue tomado de la revista Modern Reformation, correspondiente a los mese de Marzo-Abril año 2002. Traducción de Donal Herrera Terán (www.contra-mundum.org) para Reforma Siglo XXI. |
| 773 0# - HOST ITEM ENTRY | |
| Title | Reforma Siglo 21 |
| 942 ## - TIPO DE MATERIAL (KOHA) | |
| Tipo de Item KOHA | Artículos de Revista |
| Estado de Material | Estado de Perdido | Estado de Dañado | No para Préstamo | Colección | Biblioteca de Origen | Biblioteca Permanente | Fecha de Adquisición | Total de Préstamos | Signatura Topográfica | Última vez visto | Fecha de Remplazo | Tipo de Material |
|---|---|---|---|---|---|---|---|---|---|---|---|---|
| Colección de Hemeroteca | Biblioteca FUSBC | Biblioteca FUSBC | 26/01/2016 | 26/01/2016 | 26/01/2016 | Artículos de Revista |
